000 00896nam0a22002771 4500
001 rc\4697572
005 20250612155149.0
021 _aRU
_b[65-15044]
035 _a(NLR Aleph) 008717600
090 _a9397551
_c9397551
100 _a20130416d1965 |||y0rusy50 ca
101 1 _arus
_cchv
102 _aRU
105 _aa z |||a|
200 1 _aЧерная кошка
_eПовесть
_fАвториз. пер. с чуваш. С. Щукиной
210 _aМосква
_cСов. писатель
_d1965
215 _a226 с.
_cил.
_d17
606 _aКолхозы и колхозники (х. л.)
_2psbo
606 _aСектантство (х. л.)
_2psbo
700 1 _aНиколаева
_bМ.Н.
_gМария Николаевна
702 1 _aЩукина
_bС.
_4730
801 0 _aRU
_bNLR
_gpsbo
801 1 _aRU
_bELAR
_2rusmarc
852 _aNLR
_j65-4/487
942 _cBOOK
980 _aNB